000 00537nam a22001817a 4500
003 CEME
005 20210628201635.0
008 210204b xxu||||| |||| 00| 0 eng d
020 _a81-203-2448-X
040 _c.
082 _a620.11 SHA
100 _aSharma, C.P
_956128
245 _aEngineering materials ,properties and applications of metals and alloys
260 _aNEW DLEHI
_bPRENTICE HALL OF INDIA
_c2004
300 _aXIII,258P
650 _aENGINEERING MATERIALS.MATERIALS SCIENCE FOR ENGINEERS
_956129
942 _cBK
_2ddc
999 _c566645
_d566645